Young soilder's Memoirs (Record no. 1112356)

MARC details
000 -LEADER
fixed length control field 00796nam a2200265Ia 4500
003 - CONTROL NUMBER IDENTIFIER
control field OSt
005 - DATE AND TIME OF LATEST TRANSACTION
control field 20221006160106.0
008 - FIXED-LENGTH DATA ELEMENTS--GENERAL INFORMATION
fixed length control field 221006b |||||||| |||| 00| 0 eng d
020 ## - INTERNATIONAL STANDARD BOOK NUMBER
International Standard Book Number 9781453523865
-- 4.00
037 ## - SOURCE OF ACQUISITION
Terms of availability Textual
040 ## - CATALOGING SOURCE
Original cataloging agency EASL
Transcribing agency EASL
Language of cataloging eng
041 ## - LANGUAGE CODE
Source of code eng
Language code of text/sound track or separate title eng
100 ## - MAIN ENTRY--PERSONAL NAME
Personal name Martinez Julio A.
9 (RLIN) 671865
245 #0 - TITLE STATEMENT
Title Young soilder's Memoirs
Remainder of title My one year growing up in 1965 korea
260 ## - PUBLICATION, DISTRIBUTION, ETC.
Place of publication, distribution, etc. USA
Name of publisher, distributor, etc. Xlibris Corporation
Date of publication, distribution, etc. 2010
300 ## - PHYSICAL DESCRIPTION
Extent 513p.
Dimensions cm.
490 ## - SERIES STATEMENT
Volume/sequential designation KEL
650 ## - SUBJECT ADDED ENTRY--TOPICAL TERM
Topical term or geographic name entry element KEL
942 ## - ADDED ENTRY ELEMENTS (KOHA)
Classification part V495:19(zM).N65, Q0
Koha item type Textual
Source of classification or shelving scheme Colon Classification (CC)
Holdings
Withdrawn status Lost status Source of classification or shelving scheme Materials specified (bound volume or other part) Damaged status Not for loan Home library Current library Date acquired Source of acquisition Serial Enumeration / chronology Total Checkouts Full call number Barcode Date last seen Price effective from Koha item type
    Colon Classification (CC) 4.00     Department of East Asian Studies Library Department of East Asian Studies Library 2022-10-06 Gift, KCC (Window on Korea) KEL   V495:19(zM).N65 Q0 EA1396928 2022-10-06 2022-10-06 Textual
Copyright @ Delhi University Library System